| 000 | 00825nam a2200229 a 4500 | ||
|---|---|---|---|
| 001 | 000017755 | ||
| 005 | 20240410073845.0 | ||
| 008 | 100331s1996 dr c 000 0bspa d | ||
| 040 |
_aDO-SdBNP _bspa _cBNPHU |
||
| 082 |
_a923.17293 _bH594N |
||
| 100 | 1 |
_aNovas, José A. _d1948- _938618 |
|
| 245 | 1 | 0 |
_aGeneral Ulises Heureaux / _cJosé A, Novas ; prólogo Dania Goris. |
| 260 |
_aSanto Domingo : _bLa Integral, _c1996. |
||
| 300 |
_a105 p. : _bretrs. ; _c23 cm. |
||
| 504 | _aBibliografía: p. 103-104 | ||
| 590 | _aInventariado, 2019/MFF | ||
| 600 | 1 | 0 |
_a Heureaux, Ulises, _d1845-1899 _9598 |
| 650 | 4 |
_aPresidentes _zRepública Dominicana _vBIOGRAFÍAS _91288 |
|
| 651 | 0 |
_aRepública Dominicana -- _xHistoria -- _y1844-1930 _91009 |
|
| 700 | 1 |
_aGoris, Dania, _epról. _938619 |
|
| 910 | _aValidado. Control de calidad MMOLINA | ||
| 999 |
_c17280 _d17280 |
||